Estimates of the population of South Carolina counties and metropolitan areas : July 1, 1974 and 1975.

Bibliographic Details
Corporate Author: United States. Bureau of the Census
Format: Government Document Book
Language:English
Series:Current population reports. Federal-state cooperative program for population estimates ; 75-40.
Subjects:

MARC

Tag First Indicator Second Indicator Subfields
LEADER 00000cam a2200000 i 4500
001 in00000790607
005 20151017070202.0
008 760730s1976 dcu f00010 eng d
010 |a gp 76004673  
020 |c $0.35 (pbk. :) 
035 |a (OCoLC)02344684 
035 |9 ADP0047AM 
040 |a GPO  |c GPO  |d UtOrBLW 
074 |a 142-C 
086 |a C 3.186:P-26/75-40 
110 1 |a United States.  |b Bureau of the Census. 
245 1 0 |a Estimates of the population of South Carolina counties and metropolitan areas :  |b July 1, 1974 and 1975. 
264 2 |a Washington :  |b U.S. Dept. of Commerce, Bureau of the Census : for sale by the Supt. of Docs., U.S. Govt. Print. Off. and by the U.S. Dept. of Commerce district offices,  |c 1976. 
300 |a 5 pages :  |b map ;  |c 26 cm. 
336 |a text  |b txt  |2 rdacontent 
337 |a unmediated  |b n  |2 rdamedia 
338 |a volume  |b nc  |2 rdacarrier 
490 1 |a Current population reports : Federal-State cooperative program for population estimates : Series P-26 ;  |v 75-40 
500 |a Caption title. 
651 0 |a South Carolina  |x Population  |x Statistics. 
740 |a Population of South Carolina counties and metropolitan areas. 
830 0 |a Current population reports.  |n Series P-26,  |p Federal-state cooperative program for population estimates ;  |v 75-40. 
999 |a MARS 
999 f f |s e07cb1e0-9a38-3a0c-bb97-01a415706a7b  |i c41f5fc2-b972-3d8b-803d-9d6a7e0bc074  |t 0 
952 f f |p normal  |a Texas A&M University  |b College Station  |c Sterling C. Evans Library  |d Evans: US Documents (Annex 5th floor)  |t 0  |e C 3.186:P-26/75-40  |h Superintendent of Documents classification  |i unmediated -- volume  |m A14832462900 
998 f f |a C 3.186:P-26/75-40  |t 0  |l Evans: US Documents (Annex 5th floor)